| 000 | 00961nam a2200265Ia 4500 | ||
|---|---|---|---|
| 003 | OSt | ||
| 005 | 20221005113235.0 | ||
| 006 | a|||||r|||| 00| 0 | ||
| 007 | ta | ||
| 008 | 221004b |||||||| |||| 00| 0 pan d | ||
| 020 |
_a9789387276499 (pbk) _cINR 200.00 |
||
| 024 | _a65675 | ||
| 037 |
_b1195, 20/02/2020, H.K. Prakashan _cTextual |
||
| 040 |
_aCRL _cCRL _bpan |
||
| 041 |
_2pan _apan |
||
| 082 | _aO153,1NMA11x, Q9 | ||
| 100 |
_aਮਾਨ, ਅਮਨਦੀਪ ਕੌਰ, ਂਚ. _9158645 |
||
| 245 | 0 | _aਬਿਰਹੋ੍ਵ ਦੀ ਅਣਜੰਮੀ ਧੀ | |
| 260 |
_aਪਟਿਆਲਾ _bਗ੍ਰੇFਿਅਸ ਭਾਰਤ _c2019 |
||
| 300 |
_a130ਪ੍ਰ0 _ccm. |
||
| 650 | _a ਪੰਜਾਬੀ ਕਾਵਿ | ||
| 650 | _aਪੰਜਾਬੀ ਸਾਹਿਤ | ||
| 942 |
_hO153,1NMA11x, Q9 _cTEXL _2cc |
||
| 999 |
_c1027515 _d1027515 |
||